00668 2200193 4500245007300000020002200073250001100095700001600106700001800122700001800140650003600158005001900194260003300213041001400246084000800260500014300268490005400411336000900465 aSejarah Dunia Volume 1 (Dunia Puba, Dunia Klasik)cY. AgustonohText a978-979-3535-41-8 aCet. 2 aY. Agustono aReny Abarwati aNino Oktorino aEnsiklopedia Sejarah Dan Budaya a20231124094439 aJakartabLENTERA ABADIc2009 aIndonesia a903 aDaftar Isi : Dunia Purba (Sekilas Dunia, Manusia Pertama, Petani Awal) dan Dunia Klasik (Sekilas Dunia, Yunani Klasik, Negara-Kota Yunani) aEnsiklopedia Sejarah Dan Budaya : Sejarah Dunia 1 atext